00928nam a2200193 a 450000100100000000500170001000800410002702000180006804000250008610000380011124501030014926000390025230000200029150000700031195201200038195201110050195201050061299900170071700004345620201002040929.0140318s2013 dr ac 000 0 spa d a9789945583502 aDO-SdBNPbspacBNPHU1 aCabrera Vásquez, Enrique97114210aPedro Mir y René Del Risco Bermúdez en la literatura dominicana /cCabrera Vásquez, Enrique. aSanto Domingo :bSantuario,c2013. a45 p. ;c22 cm. aIncluye datos biogrpáficos del autor en la solapa de la cubieta 001052708DSaGRbGRcCTd2014-03-18iLF1l0o p43456-30r2020-06-25te. 3w2020-06-25yLFDSZPréstamo interno 0010718PDaPDbPDcCTd2014-03-18iLF1l0o p43456-10r2020-06-25te. 2w2020-06-25yLFPDZNo se presta 0010718PDaPDbPDcCTd2014-03-18iLF1l0o p43456-20r2020-06-25w2020-06-25yLFPDZNo se presta c42945d42945